00543nam a2200193 a 4500001001300000003000900013005001700022008004100039020000900080082001500089100003300104245003700137260005900174300000800233500003500241505001000276650003000286700003300316nice12345678IN_TiNIC20260116013440.0050524s1983 jaia grp 000 0 eng  ac8000a722.4bCOO aCoomaraswamy, Ananda Kentish aSymbolism of Indian Architecture aJaipurbHistorical Research Documentation Prograc1983 a80p aincludes index and biblioraphy2 aNotes aArchitecture-Hindu-Theory1 aCoomaraswamy, Ananda Kentish